000 01947nam a2200337 i 4500
001 768714001
003 CO-MdFUSB
005 20260416160143.0
007 ta
008 241117t2010 -us||||| |||| 001 0 spa d
020 _a9780882433561
040 _bspa.
_aCO-MdFUSB
_cCO-MdFUSB
_dCO-MdFUSBC
_erda
041 _aspa
082 _223
_a220.07
_bM186
110 _aVida Nueva
245 1 3 _aEl maestro :
_badultos
_c/ Vida Nueva
264 1 _aSpringfield, Missouri :
_bGospel Publishing House
_c[2010]
264 4 _c©2010
300 _a208 páginas
_c; 22 cm
336 _2rdacontent
_atexto
_btxt
337 _2rdamedia
_asin mediación
_bn
338 _2rdacarrier
_avolumen
_bnc
500 _aIncluye índice
505 _tUnidad 1:
_aEfesios: El eterno propósito de Dios.-- El propósito divino. -- Vivos en Cristo. - El misterio de la iglesia. -- El cumplimiento del propósito de Dios.-- La experiencia de la resurrección.-- Sea fuerte en el Señor.
_tUnidad 2:
_aLo que Cristo elogia. -- Un corazón receptivo. -- Un corazón contrito. -- La fe en la desesperación.-- Personas elogiadas por Cristo. -- Gratitud por la liberación. -- Por qué vino el Espíritu Santo.-- Una sorprendente generosidad.
_tUnidad 3:
_aLos dos libros de Samuel.-- Samuel: profeta, sacerdote y juez.-- Dios concede un rey a Israel. -- Saúl, un fracaso como líder. -- Dios escoge a un nuevo líder. -- David convertido en rey. -- David y su adoración. -- David peca y se arrepiente. -- Las últimas palabras de David.
_tUnidad 4:
_aEl pecado y la santidad.-- El origen y la naturaleza del pecado. -- Las consecuencias del pecado. -- Los beneficios de la salvación. -- Vivir una vida santificada. -- La santidad es vivir como Cristo.
563 _aPasta dura
650 0 _aEstudios bíblicos
_91781
653 _aBiblia — Estudio y enseñanza
653 _aEducación cristiana de adultos
942 _cBK
945 _aCatherine Arias Alvarez
999 _c71209
_d71209